| 000 | 00453nam a22001577a 4500 | ||
|---|---|---|---|
| 003 | SGT | ||
| 020 | _a9789385891557 | ||
| 082 |
_a617.525 _bH16Y |
||
| 100 | _aYadav, Rajesh | ||
| 245 | _aA handbook for Surgical Approaches to Maxillofacial Trauma | ||
| 260 |
_aNew Delhi, India _bJaypee Brothers Pub. _c2016 |
||
| 300 | _a204 | ||
| 650 | _aOral & Maxillofacial Surgery | ||
| 653 | _aOral & Maxillofacial Surgery; Maxillofacial Trauma | ||
| 942 |
_2ddc _cBK |
||
| 999 |
_c24765 _d24765 |
||